000 00826nam a2200229 a 4500
001 000010804
005 20200929162308.0
008 091012s1998 ag a 001 0 spa d
020 _a9501518922
100 1 _aChopra, Deepak
_93471
245 1 0 _aSanar el corazón /
_cDeepak Chopra ; editor Javier Vergara ; traductor Edith Zilli.
260 _aBuenos Aires :
_bB Argentina,
_c1998.
300 _a156 p. :
_bil. ;
_c24 cm.
500 _aEl equilibrio mente/cuerpo es la clave para tener un corazón sano
500 _aIncluye datos biograficos del autor en la solapa
500 _aIncluye notas al pie de las páginas
500 _atraducido al español
534 _aTítulo original en inglés
_bHealing the heart
700 1 _aVergara, Javier
_eed.
_912864
700 1 _aZilli, Edith
_etr.
_93228
999 _c10553
_d10553
040 _aDO-SdBNP